| 000 | 00737nam a2200193 i 4500 | ||
|---|---|---|---|
| 001 | 162967 | ||
| 003 | ES-MaACL | ||
| 005 | 20230906212635.0 | ||
| 008 | 050706s1859 sp a | |||||||| ||spa d | ||
| 100 | 1 |
_aRarey, J.S. _9131614 |
|
| 245 | 1 | 0 |
_aNuevo arte de domar caballos / _cescrito en inglés por J.S. Rarey ; traducido y adicionado por J.M.P. |
| 260 |
_aCádiz : _b[s.n.], _c1859 ( _fImp. de la Revista Médica) |
||
| 300 |
_a77 p., [5] h. de lám. ; _c16 cm. |
||
| 599 | _aLám.: retrato del autor e imágenes de doma de caballos. | ||
| 650 | 4 |
_aCaballos- _xAdiestramiento. _9173683 |
|
| 700 | 1 |
_aMesa y Pastor, José de. _9129868 |
|
| 752 |
_aEspaña - _dCádiz |
||
| 852 |
_aES-MaACL _jFol-Laf-508 _z- Legado Modesto de la Fuente |
||
| 999 |
_c162967 _d162967 |
||